000 00285nam a2200109Ia 4500
008 200302s9999 xx 000 0 und d
100 _aThe Course Team
245 _aMechanical Services Unite 21 The Modern Flat Unit 22
260 _bThe Open University
260 _c1975
300 _a92 P.,
999 _c525
_d525